000 00403nam a22001577a 4500
999 _c145296
_d145296
020 _a9789382554288
082 _aH3
_bDEV/C.4
100 _aDevakinandan Ghathri
245 _aChandrakantha santhati (v.4)/
_cby Devakinandan Ghathri
260 _aDelhi:
_bAdvait Prakashan,
_c2018.
300 _a248p.
650 _aNovel Hindi
650 _aLiterature Hindi
650 _aLiterature
942 _cBK